[Event "CFriend PAN-ch corr 0405"]
[Site "Chessfriend.com"]
[Date "2005.02.01"]
[Round "1"]
[White "Roesch, Hermann"]
[Black "Caballero, Rodolfo"]
[Result "1/2-1/2"]
[WhiteElo "2297"]
[BlackElo "1850"]
[PlyCount "76"]
[EventDate "2005.??.??"]
[EventType "tourn (corr)"]
[EventRounds "6"]
[SourceTitle "Corr 2024"]
[Source "ChessBase"]
[SourceDate "2023.10.19"]
[SourceVersion "1"]
[SourceVersionDate "2023.10.19"]
[SourceQuality "1"]

1. e4 e5 2. Nf3 Nc6 3. Bb5 a6 4. Ba4 Nf6 5. 0-0 Nxe4 6. d4 b5 7. Bb3 d5 8. dxe5 Be6 9. c3 Be7 10. Nbd2 0-0 11. Bc2 f5 12. Nb3 Qd7 13. Nfd4 Nxd4 14. Nxd4 c5 15. Nxe6 Qxe6 16. f3 Ng5 17. a4 g6 18. Bxg5 Bxg5 19. f4 Be7 20. Qf3 b4 21. Rfd1 Rfd8 22. Rd2 c4 23. Rad1 b3 24. Bb1 Rd7 25. Rxd5 Rad8 26. Rxd7 Rxd7 27. Kf1 Rxd1+ 28. Qxd1 Qc6 29. a5 Qc5 30. Qd4 Qxd4 31. cxd4 Bb4 32. h3 Bxa5 33. g4 fxg4 34. hxg4 c3 35. bxc3 Bxc3 36. Ke2 Bxd4 37. Kd3 Bb2 38. Kc4 Bc1 1/2-1/2